000 00640nam a2200217 a 4500
001 000672001
003 AM-YeHGA
005 20250618073603.0
008 090703s1933 nyu r 000 0 eng d
040 _aAM-YeHGA
041 0 _aeng
100 1 _aJeans, James Hopwood,
_cSir,
_d1877-
245 1 0 _aThe universe around us /
_cBy Sir James Jeans.
250 _aRev. ed.
260 _aNew York :
_bThe Macmillan Company,
_c1933.
300 _ax, 351 p. :
_b[16] l. plates : ill. ;
_c23 cm.
504 _aIncludes bibliogr. references and index
650 1 4 _aԱստղագիտություն
_918
650 1 4 _aCosmogony
090 _c250811
999 _c249216
_d249216